079_ Personnalités nées un 20 mars par images - Statistiques

Statistiques générales
  • Ce quiz a été pris 33 fois
  • Le résultat moyen est 3 sur 9
Statistiques - réponses
Par images Hint Réponse % Correct
Journaliste Faustine Bollaert
79%
Étudiant Barron Trump
67%
Nageur Philippe Croizon
48%
Skieur Alexis Pinturault
39%
Animatrice Danièle Gilbert
33%
Dirigeant Politique René Coty
27%
Politicien Pierre Messmer
15%
Écrivain Ovide
12%
Ingénieur Frédérick Winslow Taylor
0%
Aucun quiz correspondant
Distribution des résultats
% des personnes avec chaque résultat
Percentile par nombre de réponses
Votre historique - résultats
Vous n’avez pas pris ce quiz